| 000 | 02313nam0a2200445 4500 | ||
|---|---|---|---|
| 001 | RU\NLR\bibl\2048916 | ||
| 005 | 20260406165237.0 | ||
| 010 |
_a978-5-903929-10-8 _9777 |
||
| 021 |
_aRU _b2013-41044 _92829 |
||
| 035 | _a(nilc)RuMoRGB-006586335 | ||
| 035 | _a(NLR Aleph) 002036003 | ||
| 090 |
_a4573143 _c4573143 |
||
| 100 | _a20110314d2011 |||y0rusy50 ca | ||
| 101 | 0 |
_arus _aeng |
|
| 102 | _aRU | ||
| 105 | _ac zzzz||||| | ||
| 200 | 1 |
_aНаука побеждать _dThe art of victory _aПисьма _dLetters _eпереиздание 1809 г. с предисловием и современными комментариями _fА.В. Суворов _g[ред. Э. Л. Павлова] _zeng |
|
| 210 |
_aВятка _cБуквица _d2011 |
||
| 215 |
_a141 с. _cпортр. _d16 |
||
| 300 | _aАвт. также на англ. яз.: A.V. Suvorov | ||
| 300 | _aНа с. 63 авт.: Генералиссимус, Князь Италийский, Граф Суворов-Рымникский | ||
| 300 | _aТекст частично парал. англ. | ||
| 320 | _aБиблиогр. в подстроч. примеч. | ||
| 510 | 1 |
_6z11790 _aArt of victory _zeng |
|
| 510 | 1 |
_6z22790 _aLetters _zeng |
|
| 600 | 1 |
_aСуворов _bА. В. _f1730 - 1800 _gАлександр Васильевич _jПереписка _91004151 _3RU\NLR\auth\6663551 |
|
| 604 |
_1700#1$aСуворов$gАлександр Васильевич$bА. В.$f1730 - 1800 _150010$aНаука побеждать$2nlr_sh2$3RU\NLR\AUTH\661057562 _aСуворов, Александр Васильевич (1730 - 1800) _tНаука побеждать _91705669 _3RU\NLR\AUTH\661057562 |
||
| 686 | _aЦ1,8(2)2 | ||
| 686 | _aЦ35(2)46-424дСуворов | ||
| 700 | 1 |
_4070 _8rus _7ca _aСуворов _bА. В. _cгенералиссимус _f1730-1800 _gАлександр Васильевич _3RU\NLR\auth\7711543 _9121285 |
|
| 790 | 1 |
_4070 _8rus _7ba _aSuvorov _bA. V. _cгенералиссимус _f1730-1800 _gAleksandr Vasil'evič _3RU\NLR\auth\77124534 _9107459 |
|
| 790 | 1 |
_6z22510 _aSuvorov _4070 |
|
| 801 | 0 |
_aRU _bRuMoRKP _c20110314 _gRCR |
|
| 801 | 2 |
_aRU _bРГБ _c20130606 _grcr |
|
| 801 | 1 |
_aRU _bRuMoRKP _c20110314 _2rusmarc |
|
| 801 | 2 |
_aRU _bNLR _c20130701 _grcr |
|
| 942 | _cBOOK | ||
| 980 | _aNBR | ||
| 980 | _aNB | ||